00726nam a2200193 a 4500003000200000005001700002008004100019050003000060100002200090245006600112260009300178300004700271504003900318650003200357650003200389650005000421650003200471650002900503020250313093050.0080724s19uu xx 00 eng d aPGS LB 1139.S6b.K17 2008 aKapil, Vaishnavi. aSocial skills of VAT and Non-VAT students /cVaishnavi Kapil. aLas Piñas City, Philippines : bSouthville International School and Colleges, c2008. a23 pages : billustrations ; c28 cm.  aIncludes bibliographic references. aSocial skills in children.  aGifted childrenvEducation. aAcademic achievementvPsychological aspects.  aStudent peer relationships. aMotivation in education.